[Event "SR 1. liga zapad 2011/2012"]
[Site "?"]
[Date "2011.11.12"]
[Round "3.1"]
[White "Kaniansky, Miroslav"]
[Black "Gabris, Ondrej"]
[Result "1-0"]
[WhiteElo "2199"]
[BlackElo "2146"]
[PlyCount "101"]
[EventDate "2011.??.??"]

1. d4 Nf6 2. Nf3 b6 3. g3 Bb7 4. Bg2 e6 5. O-O Be7 6. c4 O-O 7. Nc3 Ne4 8. Qc2
Nxc3 9. Qxc3 c5 10. dxc5 bxc5 11. Rd1 Qc7 12. Bg5 d5 13. cxd5 Bxd5 14. Bxe7
Qxe7 15. Ne5 Bxg2 16. Kxg2 Qb7+ 17. Qf3 Qxf3+ 18. Kxf3 f6 19. Nd7 Nxd7 20. Rxd7
c4 21. Rc1 Rfc8 22. Rc2 Rc5 23. Ke3 a5 24. Kd4 Rac8 25. Rd8+ Rxd8+ 26. Kxc5
Rd5+ 27. Kxc4 f5 28. b4 axb4 29. Kxb4 g5 30. a4 Rd1 31. Ra2 Rb1+ 32. Kc3 Rc1+
33. Kb3 Rb1+ 34. Rb2 Ra1 35. Kb4 Kf7 36. a5 Ke7 37. Rd2 Rb1+ 38. Kc5 Rc1+ 39.
Kb6 Rb1+ 40. Ka7 h5 41. h4 gxh4 42. gxh4 Rb4 43. a6 Rxh4 44. Rb2 Ra4 45. Kb7
Rd4 46. a7 Rd7+ 47. Ka6 Rd6+ 48. Rb6 Rd8 49. Rb8 Rd6+ 50. Kb5 Rd5+ 51. Kc4 1-0

[Event "SR 1. liga zapad 2011/2012"]
[Site "?"]
[Date "2011.11.12"]
[Round "3.1"]
[White "Michal, Silvio"]
[Black "Marko, Anton"]
[Result "0-1"]
[WhiteElo "2108"]
[BlackElo "2127"]
[PlyCount "80"]
[EventDate "2011.??.??"]

1. c4 e5 2. Nc3 Nf6 3. g3 Bb4 4. Bg2 O-O 5. a3 Bxc3 6. bxc3 e4 7. Nh3 Nc6 8.
O-O d6 9. Ng5 Re8 10. f3 exf3 11. Nxf3 Qe7 12. e3 Bg4 13. d3 Ne5 14. e4 h6 15.
Qc2 Nxf3+ 16. Bxf3 Qe6 17. Bxg4 Nxg4 18. Rf4 b6 19. Qd1 Ne5 20. Ra2 b5 21. d4
Qxc4 22. Rd2 Ng6 23. Qf3 Nxf4 24. gxf4 f5 25. e5 Rad8 26. Rg2 a5 27. Qh3 Qe6
28. Bd2 c6 29. Be1 dxe5 30. fxe5 f4 31. Qh5 Rf8 32. Bh4 Rde8 33. Rg6 Qf5 34.
Rxg7+ Kxg7 35. Bf6+ Rxf6 36. exf6+ Kxf6 37. Qxe8 Qg6+ 38. Qxg6+ Kxg6 39. Kf2
Kf5 40. Kf3 h5 0-1

[Event "SR 1. liga zapad 2011/2012"]
[Site "?"]
[Date "2011.11.12"]
[Round "3.1"]
[White "Reisel, Frantisek"]
[Black "Syrovy, Ivan"]
[Result "0-1"]
[WhiteElo "2085"]
[BlackElo "2047"]
[PlyCount "78"]
[EventDate "2011.??.??"]

1. d4 Nf6 2. c4 g6 3. Nc3 Bg7 4. e4 d6 5. f3 Nbd7 6. Be3 e5 7. Nge2 c6 8. Qd2
Qe7 9. d5 c5 10. g4 Nb6 11. Ng3 h5 12. g5 Nfd7 13. h4 a6 14. a4 Rb8 15. a5 Na8
16. Ra3 b6 17. Be2 Nc7 18. axb6 Nxb6 19. Rb3 Bd7 20. Bxc5 dxc5 21. d6 Qd8 22.
Rxb6 Rxb6 23. dxc7 Qxc7 24. Nd5 Qb7 25. Nxb6 Qxb6 26. Nf1 Be6 27. Ne3 O-O 28.
Kf2 Rb8 29. Rb1 f6 30. Nd5 Qd8 31. Rg1 f5 32. Rd1 fxe4 33. fxe4 Kh8 34. Qc2
Bxd5 35. cxd5 Qf8+ 36. Kg2 Qf4 37. Kh3 Qe3+ 38. Kg2 Rb3 39. Bd3 c4 0-1

[Event "SR 1. liga zapad 2011/2012"]
[Site "?"]
[Date "2011.11.12"]
[Round "3.1"]
[White "Tibensky, Robert"]
[Black "Dobrotka, Martin"]
[Result "1-0"]
[WhiteElo "2410"]
[BlackElo "2259"]
[PlyCount "69"]
[EventDate "2011.??.??"]

1. d4 d6 2. g3 g6 3. Nf3 Bg7 4. Bg2 Nf6 5. c4 c6 6. O-O Qa5 7. h3 O-O 8. Nc3 e5
9. e4 Re8 10. Re1 Nbd7 11. Rb1 Qc7 12. Be3 exd4 13. Nxd4 Nc5 14. Qc2 a5 15. b3
Ne6 16. Nde2 Rb8 17. Rbc1 b5 18. cxb5 cxb5 19. Qd2 Nc5 20. Nf4 Qd8 21. f3 b4
22. Ncd5 Nxd5 23. Nxd5 Bb7 24. Red1 Rc8 25. Bg5 f6 26. Bf4 Ne6 27. Rxc8 Qxc8
28. Bxd6 Bxd5 29. Qxd5 Qa8 30. Qxa8 Rxa8 31. Bf1 Kh8 32. Bc4 Ng5 33. Kg2 Rd8
34. Rd5 f5 35. Be7 1-0

[Event "SR 1. liga zapad 2011/2012"]
[Site "?"]
[Date "2011.11.12"]
[Round "3.2"]
[White "Bednar, Jan"]
[Black "Skreno, Vladimir"]
[Result "0-1"]
[WhiteElo "2128"]
[BlackElo "2178"]
[PlyCount "128"]
[EventDate "2011.??.??"]

1. d4 Nf6 2. c4 g6 3. Nc3 Bg7 4. e4 d6 5. Nf3 O-O 6. Be2 e5 7. d5 a5 8. Bg5 h6
9. Bh4 Na6 10. Nd2 Qe8 11. a3 Bd7 12. O-O Nh7 13. g4 Kh8 14. Kh1 Rg8 15. Qc2 b6
16. f3 Qc8 17. Rab1 f5 18. h3 h5 19. Rg1 fxg4 20. fxg4 Bh6 21. Nf1 Bf4 22. Bf3
g5 23. Bf2 hxg4 24. Bxg4 Bxg4 25. hxg4 Nf6 26. Qe2 Rg7 27. Rg2 Rh7+ 28. Kg1 Kg7
29. Ne3 Qh8 30. Nf5+ Kg6 31. Kf1 Rh1+ 32. Bg1 Qh3 33. Rd1 Bh2 34. Kf2 Rh8 35.
Bxh2 Rxh2 36. Rdg1 Nxg4+ 37. Ke1 Rxg2 38. Rxg2 Qh1+ 39. Kd2 Qxg2 40. Qxg2 Rh2
41. Qxh2 Nxh2 42. Ke3 Ng4+ 43. Kf3 Nf6 44. Nb5 g4+ 45. Ke3 Kg5 46. b4 axb4 47.
axb4 Ne8 48. Na7 Nxb4 49. Nc6 Na6 50. Nd8 Nc5 51. Nf7+ Kg6 52. Nd8 Nf6 53. Ng3
Nh5 54. Nf5 Kf6 55. Nc6 g3 56. Kf3 Nxe4 57. Ne3 Nd2+ 58. Kg2 Kg5 59. Nd8 Kf4
60. Nd1 Nxc4 61. Ne6+ Kg4 62. Nxc7 Nf4+ 63. Kg1 Kf3 64. Ne6 Ne2+ 0-1

[Event "SR 1. liga zapad 2011/2012"]
[Site "?"]
[Date "2011.11.12"]
[Round "3.2"]
[White "Federic, Jozef"]
[Black "Banas, Jan"]
[Result "1/2-1/2"]
[WhiteElo "2270"]
[BlackElo "2318"]
[PlyCount "103"]
[EventDate "2011.??.??"]

1. d4 Nf6 2. g3 d5 3. Bg2 g6 4. Nf3 Bg7 5. O-O O-O 6. c4 dxc4 7. Na3 Nc6 8.
Nxc4 Be6 9. b3 Bd5 10. Bb2 a5 11. Rc1 a4 12. Ne3 Be4 13. Ne5 Bxg2 14. Kxg2 axb3
15. Nxc6 bxc6 16. Qxb3 Nd5 17. Rxc6 Nxe3+ 18. Qxe3 Rxa2 19. Bc3 Qa8 20. d5 Bxc3
21. Qxc3 Rxe2 22. Qf3 Re5 23. Rxc7 Rf5 24. Qe4 e6 25. Kg1 Qxd5 26. Qe3 h5 27.
Rfc1 Rf3 28. Qh6 Rd3 29. R7c5 Qf3 30. Re5 Rfd8 31. Rce1 Rd2 32. Qe3 R8d3 33.
Qxf3 Rxf3 34. R5e2 Rfd3 35. Kg2 Kg7 36. h4 Kf6 37. Re4 Rd5 38. R1e2 Rxe2 39.
Rxe2 e5 40. Ra2 Rd3 41. Ra7 Ke6 42. Ra8 f6 43. Ra6+ Kf5 44. Ra8 Rd2 45. Ra5 Rb2
46. Rc5 g5 47. hxg5 fxg5 48. Rc8 Ra2 49. Rb8 Ra4 50. Rf8+ Kg6 51. Rg8+ Kf6 52.
Rf8+ 1/2-1/2

[Event "SR 1. liga zapad 2011/2012"]
[Site "?"]
[Date "2011.11.12"]
[Round "3.2"]
[White "Gorusa, Miroslav"]
[Black "Machalova, Erika"]
[Result "1-0"]
[WhiteElo "2213"]
[BlackElo "2102"]
[PlyCount "65"]
[EventDate "2011.??.??"]

1. d4 Nf6 2. c4 e6 3. Nf3 b6 4. a3 Bb7 5. Nc3 Ne4 6. Qc2 f5 7. g3 d6 8. Bg2
Nxc3 9. Qxc3 Be7 10. O-O O-O 11. b4 Qc8 12. Bg5 Bxg5 13. Nxg5 Bxg2 14. Kxg2 h6
15. Qf3 c6 16. Nh3 e5 17. dxe5 dxe5 18. Rfd1 Nd7 19. Rd6 e4 20. Qc3 Nf6 21.
Rad1 a5 22. Nf4 Re8 23. Rxf6 gxf6 24. Qxf6 Ra7 25. Rd6 Rf7 26. Qxh6 Rh7 27.
Rg6+ Kh8 28. Qg5 Rf8 29. Rxc6 Qxc6 30. Ng6+ Qxg6 31. Qxg6 axb4 32. axb4 Rb7 33.
h4 1-0

[Event "SR 1. liga zapad 2011/2012"]
[Site "?"]
[Date "2011.11.12"]
[Round "3.2"]
[White "Jancovic, Peter"]
[Black "Helbich, Branislav"]
[Result "1-0"]
[WhiteElo "2149"]
[BlackElo "2036"]
[PlyCount "78"]
[EventDate "2011.??.??"]

1. d4 d5 2. c4 e6 3. Nc3 Nf6 4. Nf3 c6 5. e3 Bd6 6. Be2 O-O 7. O-O Nbd7 8. Qc2
Re8 9. Rd1 Nf8 10. b3 Bd7 11. Bb2 Rc8 12. e4 Bb8 13. Rac1 Qe7 14. Bd3 Red8 15.
Qe2 Ng6 16. g3 dxc4 17. Bxc4 e5 18. d5 c5 19. Bb5 a6 20. Bxd7 Nxd7 21. Rc2 Bd6
22. a4 Nb8 23. Nd2 Qg5 24. Nc4 Nf4 25. Qf3 Ng6 26. Bc1 Qe7 27. a5 Nf8 28. Na4
Nbd7 29. Bg5 f6 30. Be3 Ng6 31. Qg4 Ngf8 32. Nab2 Rb8 33. h4 Rdc8 34. Bh6 g6
35. h5 Kf7 36. Kg2 b5 37. axb6 Rd8 38. Na5 Rxb6 39. Nbc4 Bb8 1-0

[Event "SR 1. liga zapad 2011/2012"]
[Site "?"]
[Date "2011.11.12"]
[Round "3.2"]
[White "Machalova, Maria"]
[Black "Janko, Michal"]
[Result "0-1"]
[WhiteElo "2184"]
[BlackElo "2271"]
[PlyCount "88"]
[EventDate "2011.??.??"]

1. c4 f5 2. Nc3 Nf6 3. g3 e6 4. Bg2 d5 5. cxd5 exd5 6. d4 c6 7. Nf3 Bd6 8. a3
O-O 9. e3 Nbd7 10. b4 a5 11. Rb1 Qe7 12. Qb3 axb4 13. axb4 b5 14. O-O Kh8 15.
Ne1 Nb6 16. Nd3 Nc4 17. f4 Ne4 18. Nxe4 dxe4 19. Nc5 Bxc5 20. dxc5 Be6 21. Qc3
Rfd8 22. Ra1 Qf6 23. Qxf6 gxf6 24. Rb1 Ra2 25. Re1 Kg7 26. Bf1 Nd2 27. Bxd2
Rdxd2 28. h3 Bc4 29. Red1 Rh2 30. Ra1 Rxa1 31. Rxa1 Rb2 32. Bxc4 bxc4 33. Rc1
Rxb4 34. g4 Kg6 35. Kf2 fxg4 36. hxg4 h5 37. Kg3 Rb3 38. Rxc4 Rxe3+ 39. Kh4
hxg4 40. Kxg4 f5+ 41. Kh4 Rf3 42. Rd4 Rxf4+ 43. Kg3 Rf3+ 44. Kg2 Rd3 0-1

[Event "SR 1. liga zapad 2011/2012"]
[Site "?"]
[Date "2011.11.12"]
[Round "3.2"]
[White "Maros, Milan"]
[Black "Rohacek, Miroslav"]
[Result "1-0"]
[WhiteElo "2336"]
[BlackElo "2297"]
[PlyCount "73"]
[EventDate "2011.??.??"]

1. c4 e5 2. Nc3 Nf6 3. g3 d5 4. cxd5 Nxd5 5. Bg2 Nb6 6. Nf3 Nc6 7. O-O Be7 8.
a3 Be6 9. d3 O-O 10. b4 a6 11. Bb2 f5 12. Na4 Nxa4 13. Qxa4 Qd7 14. Qc2 Bf6 15.
Nd2 Bd5 16. e4 fxe4 17. dxe4 Bf7 18. Nb3 Be7 19. Rfd1 Qe6 20. Nc5 Bxc5 21. Qxc5
Rad8 22. Rac1 h6 23. Bf1 Qb3 24. Rxd8 Rxd8 25. Bxe5 Qxa3 26. Bxc7 Rd4 27. Rb1
Rxe4 28. Bd6 Rd4 29. b5 Qxc5 30. Bxc5 axb5 31. Bxd4 Nxd4 32. Rd1 Nf3+ 33. Kg2
Bh5 34. Rd8+ Kf7 35. Bxb5 Ne5 36. f4 Ke7 37. Rb8 1-0

[Event "SR 1. liga zapad 2011/2012"]
[Site "?"]
[Date "2011.11.12"]
[Round "3.2"]
[White "Martiska, Peter"]
[Black "Machalova, Veronika"]
[Result "1/2-1/2"]
[WhiteElo "2281"]
[BlackElo "2209"]
[PlyCount "129"]
[EventDate "2011.??.??"]

1. d4 Nf6 2. c4 e6 3. Nc3 Bb4 4. e3 O-O 5. Bd3 c5 6. Nge2 d6 7. O-O Bxc3 8.
Nxc3 Qc7 9. b3 b6 10. Bb2 Bb7 11. Ne2 Nc6 12. Rc1 Rac8 13. Ng3 Rfe8 14. Bb1 Nb8
15. d5 Nbd7 16. e4 Rcd8 17. f4 e5 18. Qd2 Bc8 19. a3 Nf8 20. fxe5 dxe5 21. Nf5
Bxf5 22. Rxf5 N6d7 23. Rcf1 f6 24. Bc2 Ng6 25. g3 Ngf8 26. Bd1 g6 27. R5f2 Qd6
28. Bg4 Rb8 29. a4 a6 30. Ra1 Kg7 31. Bc1 Kg8 32. h4 Re7 33. Kg2 Rf7 34. Qe2
Kg7 35. Be3 Re8 36. Raf1 Ree7 37. Qd2 Kg8 38. Bh6 Re8 39. Bh3 Rb8 40. Ra1 b5
41. axb5 axb5 42. Qc1 bxc4 43. bxc4 Re7 44. Rfa2 Ree8 45. Ra7 Rb6 46. Bg4 Reb8
47. Bxf8 Nxf8 48. Qh6 Rb2+ 49. Kh3 R8b7 50. Rxb7 Rxb7 51. Ra8 f5 52. Bxf5 Rb8
53. Ra7 Qf6 54. Ra1 Qf7 55. Bg4 Qf2 56. Be6+ Nxe6 57. dxe6 Qf6 58. Qc1 Qxe6+
59. Kg2 Qg4 60. Qe3 Rb2+ 61. Kg1 Re2 62. Ra8+ Kg7 63. Ra7+ Kg8 64. Ra8+ Kg7 65.
Ra7+ 1/2-1/2

[Event "SR 1. liga zapad 2011/2012"]
[Site "?"]
[Date "2011.11.12"]
[Round "3.2"]
[White "Maslik, Miroslav"]
[Black "Hagara, Eduard"]
[Result "1/2-1/2"]
[WhiteElo "2356"]
[BlackElo "2388"]
[PlyCount "24"]
[EventDate "2011.??.??"]

1. d4 d5 2. c4 dxc4 3. e3 Nf6 4. Nc3 e6 5. Nf3 c5 6. Bxc4 a6 7. a4 Nc6 8. O-O
Be7 9. Qe2 O-O 10. Rd1 Qc7 11. e4 cxd4 12. Nxd4 Nxd4 1/2-1/2

[Event "SR 1. liga zapad 2011/2012"]
[Site "?"]
[Date "2011.11.12"]
[Round "3.3"]
[White "Bagi, Mate"]
[Black "Vojtek, Vladimir"]
[Result "1/2-1/2"]
[WhiteElo "2309"]
[BlackElo "2311"]
[PlyCount "92"]
[EventDate "2011.??.??"]

1. e4 c5 2. Nf3 d6 3. d4 cxd4 4. Nxd4 Nf6 5. Nc3 a6 6. Bg5 e6 7. f4 Qb6 8. Qd2
Nc6 9. Nb3 Ng4 10. Bh4 Be7 11. Bxe7 Nxe7 12. Qd4 Qxd4 13. Nxd4 e5 14. fxe5 dxe5
15. Nf3 Ne3 16. Kd2 Nxf1+ 17. Rhxf1 f6 18. Na4 Bg4 19. Nb6 Rd8+ 20. Ke3 Rd6 21.
Nc4 Rc6 22. Na3 O-O 23. c4 Rc7 24. b3 Nc6 25. Rad1 Bxf3 26. gxf3 Nd4 27. f4 Rd8
28. fxe5 fxe5 29. Rd2 Rc6 30. Nc2 Rh6 31. Nxd4 exd4+ 32. Kd3 Rh3+ 33. Kc2 Re3
34. Rf4 h6 35. h4 Rd7 36. h5 Rh3 37. Rf5 d3+ 38. Kc3 Re3 39. Rd5 Re7 40. R2xd3
R3xe4 41. a4 R4e6 42. b4 g6 43. hxg6 Kg7 44. a5 Kxg6 45. Rg3+ Kf7 46. b5 axb5
1/2-1/2

[Event "SR 1. liga zapad 2011/2012"]
[Site "?"]
[Date "2011.11.12"]
[Round "3.3"]
[White "Bombek, Peter"]
[Black "Kukel, Imre 1985"]
[Result "1/2-1/2"]
[WhiteElo "2179"]
[BlackElo "2305"]
[PlyCount "96"]
[EventDate "2011.??.??"]

1. e4 e5 2. Nf3 Nc6 3. Nc3 g6 4. d4 exd4 5. Nxd4 Bg7 6. Be3 d6 7. Be2 Nf6 8.
O-O O-O 9. f3 Re8 10. Qd2 d5 11. Nxc6 bxc6 12. Rad1 Qe7 13. Bg5 dxe4 14. Nxe4
Nxe4 15. fxe4 Qxe4 16. Bf3 Qc4 17. b3 Qc5+ 18. Kh1 a5 19. Bf4 a4 20. Bxc7 Bf5
21. Qd6 Qxc2 22. Rc1 Qxa2 23. bxa4 Re6 24. Qd1 Be4 25. Bxe4 Rxe4 26. Rxc6 Rexa4
27. Rd6 Qa1 28. Rd8+ Rxd8 29. Qxd8+ Bf8 30. Rd1 Ra8 31. Qd5 Bg7 32. Qxa8+ Qxa8
33. Rd8+ Qxd8 34. Bxd8 f5 35. h3 h5 36. Kg1 Bd4+ 37. Kf1 Kf7 38. Ke2 Ke6 39.
Kf3 Bf6 40. Ba5 Kd5 41. g4 fxg4+ 42. hxg4 h4 43. Kg2 Ke4 44. Kh3 Kf3 45. Bb4
Bd8 46. Bd6 g5 47. Bc5 Bc7 48. Be7 Bf4 1/2-1/2

[Event "SR 1. liga zapad 2011/2012"]
[Site "?"]
[Date "2011.11.12"]
[Round "3.3"]
[White "Borik, Juraj"]
[Black "Borosova, Zuzana"]
[Result "1-0"]
[WhiteElo "2198"]
[BlackElo "2284"]
[PlyCount "65"]
[EventDate "2011.??.??"]

1. e4 e5 2. f4 exf4 3. Nf3 Be7 4. Bc4 Bh4+ 5. Kf1 d6 6. d4 Bg4 7. Bxf4 Nc6 8.
Nc3 Bxf3 9. gxf3 Nf6 10. Rg1 Nh5 11. Be3 Qd7 12. Rg4 Be7 13. Kg1 g6 14. Qe2 Bf6
15. Rd1 Bg7 16. e5 O-O 17. f4 Ne7 18. Qf3 Rad8 19. Rg5 h6 20. Rxg6 d5 21. Rxh6
Bxh6 22. Qxh5 Qf5 23. Qxh6 dxc4 24. Kh1 Ng6 25. Rg1 Qxc2 26. Rg5 Qd3 27. Bf2
Qf1+ 28. Bg1 Qf3+ 29. Rg2 c6 30. e6 Rd6 31. d5 Qd3 32. Rg3 Qd2 33. Rh3 1-0

[Event "SR 1. liga zapad 2011/2012"]
[Site "?"]
[Date "2011.11.12"]
[Round "3.3"]
[White "Illes, Ivan"]
[Black "Orgon, Dusan"]
[Result "0-1"]
[WhiteElo "1995"]
[BlackElo "2107"]
[PlyCount "46"]
[EventDate "2011.??.??"]

1. e4 e6 2. d4 d5 3. Nc3 Nf6 4. Bg5 Bb4 5. e5 h6 6. exf6 hxg5 7. fxg7 Rg8 8.
Nf3 Qf6 9. a3 Bd6 10. Nb5 Bd7 11. Qd3 g4 12. Nd2 Nc6 13. Be2 Rxg7 14. c4 Bf4
15. Nb3 a6 16. Nc3 Ne7 17. g3 Bh6 18. c5 Nc6 19. f4 gxf3 20. O-O O-O-O 21. Rxf3
Qg5 22. Raf1 f5 23. R1f2 Rgg8 0-1

[Event "SR 1. liga zapad 2011/2012"]
[Site "?"]
[Date "2011.11.12"]
[Round "3.3"]
[White "Janko, Zoltan"]
[Black "Kovacik, Emil"]
[Result "1/2-1/2"]
[WhiteElo "2287"]
[BlackElo "2222"]
[PlyCount "124"]
[EventDate "2011.??.??"]

1. e4 e6 2. d4 d5 3. Nd2 a6 4. Bd3 c5 5. exd5 Qxd5 6. Ngf3 cxd4 7. O-O Nf6 8.
Nb3 Nc6 9. Nbxd4 Nxd4 10. Nxd4 Bd7 11. Be2 e5 12. Nf3 Qxd1 13. Rxd1 e4 14. Ne5
Be6 15. Bc4 Bxc4 16. Nxc4 Rc8 17. b3 Be7 18. a4 O-O 19. a5 Rfd8 20. Be3 Nd5 21.
Bd4 Nb4 22. Bb6 Rxd1+ 23. Rxd1 Nxc2 24. Rd7 Bb4 25. Rxb7 Na3 26. Kf1 Nxc4 27.
bxc4 Kf8 28. Bc7 Bc5 29. Ke2 Ke8 30. Bb6 Bxb6 31. axb6 Rxc4 32. Ra7 Rb4 33. b7
Kd8 34. b8=Q+ Rxb8 35. Rxf7 g5 36. Rxh7 Rb5 37. Ra7 a5 38. Ke3 Kc8 39. Kxe4 Kb8
40. Rd7 a4 41. Rd2 Kc7 42. Ra2 Rb4+ 43. Kf5 g4 44. Kg5 Kb6 45. Kh4 Kb5 46. h3
gxh3+ 47. Kxh3 Kc4 48. f4 Kb3 49. Rf2 a3 50. f5 a2 51. Rf1 Rf4 52. Rxf4 a1=Q
53. f6 Qh1+ 54. Kg3 Qe1+ 55. Kg4 Qe6+ 56. Kg3 Qe1+ 57. Kg4 Qe6+ 58. Kh4 Qf7 59.
g4 Kc3 60. Kg5 Qg8+ 61. Kh6 Qh8+ 62. Kg6 Qg8+ 1/2-1/2

[Event "SR 1. liga zapad 2011/2012"]
[Site "?"]
[Date "2011.11.12"]
[Round "3.3"]
[White "Podoba, Milan"]
[Black "Baranek, Jozef"]
[Result "1/2-1/2"]
[WhiteElo "2157"]
[BlackElo "2152"]
[PlyCount "112"]
[EventDate "2011.??.??"]

1. e4 c5 2. Nf3 a6 3. d4 cxd4 4. Nxd4 Nf6 5. Nc3 e5 6. Nb3 Bb4 7. Bd2 Nc6 8.
Bd3 d5 9. exd5 Nxd5 10. Nxd5 Qxd5 11. O-O Be6 12. Qe2 Bxd2 13. Nxd2 Rd8 14.
Rfd1 Qa5 15. c3 O-O 16. Ne4 h6 17. b4 Qc7 18. Nc5 Bc8 19. Qe4 g6 20. Qh4 Kg7
21. f3 Ne7 22. Rac1 Nd5 23. Qe1 Nf4 24. Bf1 f6 25. a4 a5 26. Qe3 b6 27. Rxd8
Rxd8 28. Ne4 Nd5 29. Qe1 f5 30. Nf2 Bb7 31. Bb5 Nf6 32. Nd3 e4 33. fxe4 fxe4
34. Nf2 Qf4 35. Rd1 Rxd1 36. Nxd1 Qc1 37. Kf1 Ng4 38. h3 Qf4+ 39. Ke2 Ne5 40.
Qf2 Nd3 41. Qd4+ Qf6 42. Qd7+ Qf7 43. Qxf7+ Kxf7 44. bxa5 bxa5 45. Ne3 Nf4+ 46.
Kf2 Kf6 47. Nc4 Nd5 48. Nxa5 e3+ 49. Ke1 Ba8 50. c4 Nf4 51. Bc6 Nxg2+ 52. Ke2
Bxc6 53. Nxc6 Ke6 54. a5 Kd6 55. Nb4 g5 56. Kf3 e2 1/2-1/2

[Event "SR 1. liga zapad 2011/2012"]
[Site "?"]
[Date "2011.11.12"]
[Round "3.3"]
[White "Pupak, Tomas"]
[Black "Grof, Stefan"]
[Result "0-1"]
[WhiteElo "1968"]
[BlackElo "1993"]
[PlyCount "76"]
[EventDate "2011.??.??"]

1. d4 Nf6 2. Nf3 d6 3. g3 Nbd7 4. Bg2 e5 5. dxe5 dxe5 6. O-O Be7 7. Nc3 c6 8.
e4 O-O 9. a3 a5 10. a4 Qc7 11. Nh4 Rd8 12. Nf5 Bf8 13. Qe2 Nc5 14. Qf3 Bxf5 15.
Qxf5 Ne6 16. Be3 Nd4 17. Bxd4 Rxd4 18. Rad1 Rad8 19. Rxd4 Rxd4 20. f4 exf4 21.
gxf4 Qb6 22. Kh1 Qxb2 23. e5 Qxc3 24. exf6 g6 25. Qe5 Rc4 26. Qb8 Qxf6 27. Qxb7
Rxf4 28. Rd1 Rxa4 29. Bxc6 Ra1 30. Rxa1 Qxa1+ 31. Kg2 Qc3 32. Be4 a4 33. Qd5 a3
34. Qa2 Kg7 35. Bd3 Bd6 36. h3 Qd2+ 37. Kf3 Qf4+ 38. Ke2 Qh2+ 0-1

[Event "SR 1. liga zapad 2011/2012"]
[Site "?"]
[Date "2011.11.12"]
[Round "3.3"]
[White "Szegi, Tamas"]
[Black "Veres, Andrej"]
[Result "1-0"]
[WhiteElo "2246"]
[BlackElo "2174"]
[PlyCount "63"]
[EventDate "2011.??.??"]

1. e4 c5 2. Nf3 g6 3. c3 d5 4. exd5 Qxd5 5. d4 Bg7 6. Be3 cxd4 7. cxd4 Nf6 8.
Nc3 Qa5 9. Be2 O-O 10. O-O Nc6 11. a3 Nd5 12. Nxd5 Qxd5 13. Rc1 Rd8 14. Bc4 Qd6
15. Ng5 e6 16. Ne4 Qe7 17. Bg5 f6 18. Be3 Kh8 19. Qd2 Ne5 20. dxe5 Rxd2 21.
Bxd2 f5 22. Bg5 Qf8 23. Nf6 b5 24. Bxb5 Rb8 25. Ba4 Rxb2 26. Rc7 Ba6 27. Bh6
Qxf6 28. exf6 Bxh6 29. Rxa7 Bb7 30. Rd1 Bf8 31. h3 Kg8 32. Rd8 1-0

[Event "SR 1. liga zapad 2011/2012"]
[Site "?"]
[Date "2011.11.12"]
[Round "3.4"]
[White "Berek, Geza"]
[Black "Jakubek, Peter"]
[Result "1/2-1/2"]
[WhiteElo "2186"]
[BlackElo "2144"]
[PlyCount "43"]
[EventDate "2011.??.??"]

1. e4 c6 2. d4 d5 3. Nc3 dxe4 4. Nxe4 Nd7 5. Ng5 Ngf6 6. Bd3 e6 7. N1f3 Bd6 8.
Qe2 h6 9. Ne4 Nxe4 10. Qxe4 Nf6 11. Qe2 Qc7 12. Bd2 b6 13. O-O-O Bb7 14. Kb1
O-O-O 15. c4 c5 16. Bc3 Rhe8 17. Ne5 cxd4 18. Bxd4 Bf8 19. Bc2 Bxg2 20. Rhg1
Bc6 21. h3 Rd6 22. Nxc6 1/2-1/2

[Event "SR 1. liga zapad 2011/2012"]
[Site "?"]
[Date "2011.11.12"]
[Round "3.4"]
[White "Chovanec, Milan"]
[Black "Beres, Dominik"]
[Result "1-0"]
[WhiteElo "2137"]
[BlackElo "2107"]
[PlyCount "55"]
[EventDate "2011.??.??"]

1. e4 d6 2. d4 Nf6 3. Nc3 g6 4. g3 Bg7 5. Bg2 O-O 6. Nge2 c6 7. O-O Qc7 8. h3
e5 9. f4 Nbd7 10. Be3 Re8 11. dxe5 dxe5 12. f5 b5 13. g4 Nb6 14. b3 b4 15. Nb1
c5 16. Qe1 Bb7 17. Ng3 a5 18. Qf2 Rec8 19. Nd2 Ne8 20. g5 Nd6 21. h4 Ba6 22.
Rfe1 Nb5 23. h5 Nd4 24. Rac1 Nb5 25. Bh3 Nd7 26. hxg6 fxg6 27. fxg6 hxg6 28.
Be6+ 1-0

[Event "SR 1. liga zapad 2011/2012"]
[Site "?"]
[Date "2011.11.12"]
[Round "3.4"]
[White "Kalisky, Vladimir"]
[Black "Motuz, Karol"]
[Result "1/2-1/2"]
[WhiteElo "2234"]
[BlackElo "2346"]
[PlyCount "82"]
[EventDate "2011.??.??"]

1. e4 c5 2. Nf3 g6 3. Nc3 Bg7 4. d4 cxd4 5. Nxd4 Nc6 6. Be3 Nf6 7. Bc4 O-O 8.
Bb3 a5 9. a4 Ng4 10. Qxg4 Nxd4 11. Qh4 d6 12. Nd5 Re8 13. Bg5 Bf8 14. O-O Be6
15. Rad1 Nxb3 16. cxb3 f6 17. Be3 Bg7 18. Rfe1 Ra6 19. Bd4 Rc6 20. Rd3 Qc8 21.
Bc3 Rc5 22. Qf4 Qc6 23. Qd2 b6 24. Qd1 Bf7 25. b4 axb4 26. Bxb4 Rc4 27. Bc3
Rxa4 28. Nxb6 Rxe4 29. Rxe4 Qxe4 30. Nd5 Bxd5 31. Rxd5 Ra8 32. h3 Qc4 33. Rd4
Qc6 34. Rb4 d5 35. Qb3 Qd6 36. g3 Qe6 37. Kh2 Rd8 38. Rb8 Qd7 39. Rb7 Qf5 40.
Bd4 Qe4 41. Bb6 Rc8 1/2-1/2

[Event "SR 1. liga zapad 2011/2012"]
[Site "?"]
[Date "2011.11.12"]
[Round "3.4"]
[White "Motuzova, Marta"]
[Black "Novotny, Michal"]
[Result "0-1"]
[WhiteElo "1852"]
[BlackElo "1964"]
[PlyCount "134"]
[EventDate "2011.??.??"]

1. d4 d5 2. c4 Nc6 3. e3 Nf6 4. Nc3 e6 5. Bd3 dxc4 6. Bxc4 Bb4 7. Qc2 e5 8.
dxe5 Nxe5 9. Qa4+ Nc6 10. Nge2 O-O 11. O-O Ng4 12. h3 Nge5 13. Bd5 Bd6 14. f4
Nd3 15. Bxc6 Nc5 16. Qc2 bxc6 17. b4 Nd7 18. a3 c5 19. Ne4 cxb4 20. Nxd6 b3 21.
Nxf7 bxc2 22. Nxd8 Rxd8 23. Nd4 Nf6 24. Nxc2 c5 25. Bb2 Ne4 26. Rfd1 Ba6 27.
Be5 Be2 28. Rdc1 Rd2 29. Ne1 Rad8 30. Rab1 R8d7 31. Rb2 Kf7 32. Rxd2 Rxd2 33.
Rb1 Ba6 34. Bb8 Nc3 35. Ra1 Ne2+ 36. Kh2 Bb7 37. Bxa7 c4 38. Rb1 Be4 39. Rb4
Bd3 40. Nxd3 cxd3 41. Bd4 Rc2 42. Rb1 Nc1 43. Rb7+ Ke6 44. e4 g6 45. Be3 d2 46.
Rb6+ Kd7 47. Bxd2 Rxd2 48. e5 Ne2 49. Rd6+ Rxd6 50. exd6 Nxf4 51. Kg3 Ne6 52.
h4 Kxd6 53. Kf3 Ke5 54. Ke3 Nc5 55. g3 h5 56. Kf2 Ke4 57. Ke2 Na4 58. Kf2 Nc3
59. Kg2 Kf5 60. Kf3 Na4 61. Kf2 Kg4 62. Kg2 Nc5 63. Kf2 Ne4+ 64. Kg2 Nxg3 65.
a4 Ne4 66. Kh2 Kxh4 67. Kg2 Kg4 0-1

[Event "SR 1. liga zapad 2011/2012"]
[Site "?"]
[Date "2011.11.12"]
[Round "3.4"]
[White "Pecha, Tomas"]
[Black "Cibulka, Vladimir"]
[Result "1-0"]
[WhiteElo "2239"]
[BlackElo "2278"]
[PlyCount "57"]
[EventDate "2011.??.??"]

1. e4 Nf6 2. e5 Nd5 3. d4 d6 4. c4 Nb6 5. exd6 exd6 6. h3 Nc6 7. Nf3 Bf5 8. d5
Ne5 9. Nd4 Bd7 10. b3 Be7 11. Be2 O-O 12. O-O c5 13. dxc6 bxc6 14. f4 Ng6 15.
Nc3 Qc7 16. f5 Ne5 17. Ba3 Rfe8 18. f6 Bxf6 19. Rxf6 gxf6 20. Ne4 c5 21. Nxf6+
Kh8 22. Qc2 Ng6 23. Nf3 Bc6 24. Bb2 Re5 25. Nxe5 dxe5 26. Qf5 Rd8 27. Qh5 Kg7
28. Qxh7+ Kxf6 29. Rf1+ 1-0

[Event "SR 1. liga zapad 2011/2012"]
[Site "?"]
[Date "2011.11.12"]
[Round "3.4"]
[White "Skrabakova, Katarina"]
[Black "Fabian, Jaroslav"]
[Result "1/2-1/2"]
[WhiteElo "2047"]
[BlackElo "2192"]
[PlyCount "54"]
[EventDate "2011.??.??"]

1. e4 c5 2. Nf3 d6 3. d4 cxd4 4. Nxd4 Nf6 5. Nc3 Nc6 6. Be2 e6 7. f4 Qc7 8. Be3
a6 9. O-O Be7 10. Qe1 O-O 11. Qg3 Nxd4 12. Bxd4 b5 13. a3 Bb7 14. Bd3 e5 15.
fxe5 dxe5 16. Kh1 Bd6 17. Rxf6 exd4 18. Rxd6 dxc3 19. b4 Rae8 20. e5 g6 21. Re1
Re7 22. Kg1 Rfe8 23. e6 Kg7 24. Qe5+ f6 25. Qd4 Bc8 26. Qd5 Bb7 27. Qd4 Bc8
1/2-1/2

[Event "SR 1. liga zapad 2011/2012"]
[Site "?"]
[Date "2011.11.12"]
[Round "3.4"]
[White "Zahorsky, Robert"]
[Black "Gombar, Peter"]
[Result "1/2-1/2"]
[WhiteElo "1996"]
[BlackElo "2033"]
[PlyCount "21"]
[EventDate "2011.??.??"]

1. d4 d5 2. c4 e6 3. Nf3 Nf6 4. Nc3 Nbd7 5. Bg5 Bb4 6. Qb3 c5 7. cxd5 exd5 8.
e3 Qa5 9. Bxf6 Nxf6 10. dxc5 Bxc3+ 11. Qxc3 1/2-1/2